Statistics for Locations on The Simpsons

Click here to take the quiz!

General Stats

  • This quiz has been taken 12,530 times
    (11,811 since last reset)
  • The average score is 11 of 24

Answer Stats

HintPlace% Correct
Hometown of The SimpsonsSpringfield
99%
Homer's favorite barMoe's Tavern
95%
Convenience storeKwik-E-Mart
89%
Rival townShelbyville
77%
The Simpsons streetEvergreen Terrace
76%
Fast food chainKrustyburger
76%
Donut store with a huge mascot{Lard} Lad
65%
Flanders's storeLeftorium
57%
Sea captain's restaurantThe {Frying} Dutchman
56%
Stereotypical Italian restaurantLuigi's
50%
Theme park where nothing can
possibleye go wrong
Itchy & Scratchy Land
48%
Where Grandpa livesRetirement {Castle}
48%
Towns that the monorail put on the mapOgdenville
39%
Nearby metropolisCapital City
38%
Fancy restaurantThe {Gilded} Truffle
36%
Comic book store{Android}'s Dungeon
35%
Music storeKing {Toot}'s
34%
Highest nearby mountainThe {Murder}horn
28%
Towns that the monorail put on the mapNorth Haverbrook
27%
Movie theaterAztec Theater
22%
Theme park where you'd find
the Seven Duffs
Duff Gardens
21%
Department storeCostington's
15%
Towns that the monorail
put on the map
Brockway
9%
National park and strategic
granite reserve
Mount {Useful}
4%

Score Distribution

Percentile by Number Answered

Percent of People with Each Score

Your Score History

You have not taken this quiz since the last reset